Database system concepts (Record no. 489)

000 -LEADER
fixed length control field 00571nam a22002297a 4500
001 - CONTROL NUMBER
control field 489
003 - CONTROL NUMBER IDENTIFIER
control field BD-DhUET
008 - FIXED-LENGTH DATA ELEMENTS--GENERAL INFORMATION
fixed length control field 140722b xxu||||| |||| 00| 0 eng d
020 ## - INTERNATIONAL STANDARD BOOK NUMBER
International Standard Book Number 007124476X
040 ## - CATALOGING SOURCE
Transcribing agency 0
Modifying agency BD-DhUET
082 ## - DEWEY DECIMAL CLASSIFICATION NUMBER
Classification number 005.74
Item number SIL/2006
100 ## - MAIN ENTRY--PERSONAL NAME
Personal name Silberschatz, Abraham
245 ## - TITLE STATEMENT
Title Database system concepts
250 ## - EDITION STATEMENT
Edition statement 5th ed.
260 ## - PUBLICATION, DISTRIBUTION, ETC. (IMPRINT)
Place of publication, distribution, etc. Boston
Name of publisher, distributor, etc. McGraw-Hill
Date of publication, distribution, etc. 2006
300 ## - PHYSICAL DESCRIPTION
Extent xxvi,1142p.
Other physical details ill.
504 ## - BIBLIOGRAPHY, ETC. NOTE
Bibliography, etc Includes bibliographies
650 #0 - SUBJECT ADDED ENTRY--TOPICAL TERM
Topical term or geographic name as entry element Database management
700 ## - ADDED ENTRY--PERSONAL NAME
Personal name Korth, Henry F.
700 ## - ADDED ENTRY--PERSONAL NAME
Personal name Sudarshan, S.
942 ## - ADDED ENTRY ELEMENTS (KOHA)
Koha item type General Book
Holdings
Location (home branch) Sublocation or collection (holding branch) Koha date last borrowed Koha renewals Damaged status Koha issues (times borrowed) Withdrawn status Shelving location Koha normalized classification for sorting Copy number Koha full call number Date acquired Koha item type Lost status Source of classification or shelving scheme Koha date last seen Not for loan Piece designation (barcode) Price effective from
Central Library, BUETCentral Library, BUET     Circulation section007_000000000000000_74SIL20061007.74/SIL/20062014-07-22General Book  2014-07-22 1033202014-07-22
Central Library, BUETCentral Library, BUET 2   Circulation section007_000000000000000_74SIL20062007.74/SIL/20062014-07-22General Book  2016-12-24 1033212014-07-22
Central Library, BUETCentral Library, BUET     Circulation section005_740000000000000_SIL20063005.74 SIL/20062014-08-25General Book  2014-08-25 1033222014-08-25
Central Library, BUETCentral Library, BUET2021-12-04  1 Circulation section005_000000000000000_74SIL20064005.74/SIL/20062014-08-25General Book  2021-12-18 1033232014-08-25
Central Library, BUETCentral Library, BUET     Circulation section005_000000000000000_74SIL20065005.74/SIL/20062014-08-25General Book  2014-08-25 1033242014-08-25
Central Library, BUETCentral Library, BUET     Circulation section005_740000000000000_SIL_20066005.74/SIL/20062014-08-25General Book  2014-08-25 1033252014-08-25
Central Library, BUETCentral Library, BUET2017-07-01  1 Circulation section005_740000000000000_SIL_20067005.74/SIL/20062014-08-25General Book  2017-07-16 1033262014-08-25
Central Library, BUETCentral Library, BUET     Circulation section005_000000000000000_74SIL20068005.74/SIL/20062014-08-25General Book  2014-08-25 1033272014-08-25
Central Library, BUETCentral Library, BUET     Circulation section005_000000000000000_74SIL20069005.74/SIL/20062014-08-25General Book  2014-08-25 1033282014-08-25
Central Library, BUETCentral Library, BUET     Circulation section005_000000000000000_74SIL200610005.74/SIL/20062014-08-25General Book  2014-08-25 1033292014-08-25
Central Library, BUETCentral Library, BUET     Reading section005_740000000000000_SIL_200611005.74/SIL/20062015-06-09Reading Item  2015-06-09 1021722015-06-09
Central Library, BUETCentral Library, BUET     Reading section005_740000000000000_SIL_200612005.74/SIL/20062015-06-09Reading Item  2015-06-09 1025542015-06-09